Účetní soustavy a církve a náboženské společnosti. Výklad paragrafu 9 zákona o účetnictví.
Rozlíšenie subjektov, ktoré účtujú v podvojnom účtovníctve. Účtovanie v prípade dotácií a v prípade podnikania cirkví a náboženských spoločností.
Gespeichert in:
| 1. Verfasser: | |
|---|---|
| Format: | Buchkapitel |
| Sprache: | Tschechisch |
| Schlagworte: | |
| Tags: |
Keine Tags, Fügen Sie das erste Tag hinzu!
|
MARC
| LEADER | 00000naa a2200000 4500 | ||
|---|---|---|---|
| 001 | r011838 | ||
| 005 | 20220831085441.3 | ||
| 041 | 0 | |a cze | |
| 044 | |a [CS] | ||
| 245 | 1 | 0 | |a Účetní soustavy a církve a náboženské společnosti. |b Výklad paragrafu 9 zákona o účetnictví. |c J. Huleš |
| 520 | |a Rozlíšenie subjektov, ktoré účtujú v podvojnom účtovníctve. Účtovanie v prípade dotácií a v prípade podnikania cirkví a náboženských spoločností. | ||
| 610 | 2 | 0 | |a účtovníctvo podvojné |
| 610 | 2 | 0 | |a cirkev |
| 610 | 2 | 0 | |a organizácie náboženské |
| 610 | 2 | 0 | |a dotácie |
| 610 | 2 | 0 | |a podnikanie |
| 610 | 2 | 0 | |a zákony |
| 610 | 2 | 0 | |a ČSFR |
| 610 | 2 | 0 | |a 1991 |
| 100 | 1 | |a Huleš, J. | |